<?xml version="1.0" encoding="UTF-8"?>
<record
    xmlns:xsi="http://www.w3.org/2001/XMLSchema-instance"
    xsi:schemaLocation="http://www.loc.gov/MARC21/slim http://www.loc.gov/standards/marcxml/schema/MARC21slim.xsd"
    xmlns="http://www.loc.gov/MARC21/slim">

  <leader>006640000a22001810004500</leader>
  <controlfield tag="001">022344</controlfield>
  <controlfield tag="005">20240318182931.0</controlfield>
  <controlfield tag="008">130129t        xxu||||| |||| 00| 0 eng d</controlfield>
  <datafield tag="040" ind1=" " ind2=" ">
    <subfield code="c">LC</subfield>
    <subfield code="d">LC</subfield>
    <subfield code="e">RDA</subfield>
  </datafield>
  <datafield tag="082" ind1=" " ind2=" ">
    <subfield code="a">616.9792 </subfield>
    <subfield code="2">23rd ed.</subfield>
    <subfield code="b">PEO</subfield>
  </datafield>
  <datafield tag="245" ind1=" " ind2=" ">
    <subfield code="a">People and development challenges:</subfield>
    <subfield code="b">the AIDS epidemic is on the move and Asia is next /</subfield>
    <subfield code="c">Edited by Wardie Christopher John</subfield>
  </datafield>
  <datafield tag="260" ind1=" " ind2=" ">
    <subfield code="a">Jalan Ampang : </subfield>
    <subfield code="c">2001.</subfield>
    <subfield code="b">International Planned Parenthood Federation;</subfield>
  </datafield>
  <datafield tag="300" ind1=" " ind2=" ">
    <subfield code="a">40 p. : </subfield>
    <subfield code="b">ill. ; </subfield>
    <subfield code="c">30 cm.</subfield>
  </datafield>
  <datafield tag="500" ind1=" " ind2=" ">
    <subfield code="a">Includes bibliographical references</subfield>
  </datafield>
  <datafield tag="650" ind1=" " ind2=" ">
    <subfield code="a">HIV/AIDS</subfield>
    <subfield code="9">3873</subfield>
  </datafield>
  <datafield tag="650" ind1=" " ind2=" ">
    <subfield code="a">AIDS </subfield>
    <subfield code="x">people and developemnt challenges</subfield>
    <subfield code="9">15315</subfield>
  </datafield>
  <datafield tag="942" ind1=" " ind2=" ">
    <subfield code="c">BOOK</subfield>
    <subfield code="2">ddc</subfield>
  </datafield>
  <datafield tag="999" ind1=" " ind2=" ">
    <subfield code="c">22344</subfield>
    <subfield code="d">22344</subfield>
  </datafield>
  <datafield tag="952" ind1=" " ind2=" ">
    <subfield code="0">0</subfield>
    <subfield code="1">0</subfield>
    <subfield code="2">ddc</subfield>
    <subfield code="4">0</subfield>
    <subfield code="7">0</subfield>
    <subfield code="a">NSA</subfield>
    <subfield code="b">NSA</subfield>
    <subfield code="d">2008-06-20</subfield>
    <subfield code="l">0</subfield>
    <subfield code="o">616.9792 PEO</subfield>
    <subfield code="p">22344</subfield>
    <subfield code="r">2023-08-22 00:00:00</subfield>
    <subfield code="w">2008-06-20</subfield>
    <subfield code="y">BOOK</subfield>
  </datafield>
</record>
